[Event "New Zealand Open Ch'p 2015"]
[Site "Devonport, Auckland"]
[Date "2015.01.08"]
[Round "8.24"]
[White "Zhu, Karl Kai"]
[Black "Milligan, Helen"]
[Result "0-1"]
[WhiteElo "1689"]
[BlackElo "1968"]
[PlyCount "130"]
[EventDate "2015.01.01"]
[EventType "swiss"]
[EventRounds "9"]
[SourceDate "2015.01.01"]

1. e4 e5 2. Nf3 Nc6 3. d4 exd4 4. Nxd4 Bc5 5. Be3 Qf6 6. c3 Nge7 7. Bc4 b6 8.
a3 Ne5 9. Nd2 Nxc4 10. Nxc4 Ba6 11. Nd2 Nc6 12. b4 Bxd4 13. cxd4 Nxd4 14. Rc1
Ne6 15. Nc4 Bb7 16. f3 O-O 17. Qxd7 Rfd8 18. Qb5 Nd4 19. Qe5 Qxe5 20. Nxe5 Rac8
21. Kf2 f6 22. Bxd4 Rxd4 23. Nc6 Bxc6 24. Rxc6 Rd2+ 25. Kg3 Ra2 26. Rhc1 Rxa3
27. Rxc7 Rxc7 28. Rxc7 a5 29. bxa5 bxa5 30. Ra7 Ra2 31. f4 a4 32. h3 a3 33. Kf3
Ra1 34. Ke2 h5 35. Kf2 a2 36. e5 fxe5 37. fxe5 Kf8 38. e6 g6 39. Kg3 Ke8 40.
Kf2 h4 41. e7 g5 42. Ra8+ Kxe7 43. Ra7+ Kd6 44. Ra6+ Kc5 45. Ra8 g4 46. hxg4 h3
47. gxh3 Rh1 48. Ra5+ Kb6 49. Rxa2 Rh2+ 50. Kg3 Rxa2 51. Kh4 Kc6 52. Kh5 Kd6
53. g5 Ke7 54. h4 Kf7 55. Kh6 Kg8 56. Kg6 Ra6+ 57. Kf5 Kg7 58. h5 Ra5+ 59. Kg4
Kf7 60. Kf4 Ke6 61. h6 Ra4+ 62. Kg3 Kf5 63. h7 Ra8 64. Kh4 Rh8 65. Kh5 Rxh7#
0-1

[Event "New Zealand Open Ch'p 2015"]
[Site "Devonport, Auckland"]
[Date "2015.01.08"]
[Round "8.25"]
[White "Lee, Edward"]
[Black "Opasiak, Dustin Tennessee"]
[Result "1/2-1/2"]
[WhiteElo "2061"]
[BlackElo "1729"]
[PlyCount "122"]
[EventDate "2015.01.01"]
[EventType "swiss"]
[EventRounds "9"]
[SourceDate "2015.01.01"]

1. e4 e6 2. d4 d5 3. Nc3 Nf6 4. e5 Nfd7 5. f4 c5 6. Nf3 Nc6 7. Be3 Qb6 8. Na4
Qa5+ 9. c3 cxd4 10. Nxd4 a6 11. b4 Qc7 12. Bd3 b5 13. Nb2 Ncxe5 14. O-O Nc4 15.
Nxc4 dxc4 16. Be4 Bb7 17. Qf3 Bxe4 18. Qxe4 Rc8 19. a4 Nf6 20. Qf3 Nd5 21. axb5
axb5 22. Nxb5 Qb8 23. Ra5 Be7 24. Ba7 Qb7 25. Bc5 Rxc5 26. bxc5 Bxc5+ 27. Kh1
O-O 28. Na3 Qc7 29. Nxc4 Be3 30. Rxd5 Qxc4 31. Re5 Bd2 32. Rd1 Qxf4 33. Qxf4
Bxf4 34. Re4 Bg5 35. h4 Bf6 36. c4 Rc8 37. g3 g6 38. Kg2 Rc5 39. Kf3 Bc3 40.
Rb1 e5 41. Rb5 Rc7 42. c5 Bd4 43. Rxd4 exd4 44. Ke4 d3 45. Kxd3 Kf8 46. Kc4 Ke8
47. Rb6 h5 48. Rd6 Re7 49. Kb5 Rb7+ 50. Rb6 Rd7 51. Kc4 Rd1 52. Rb3 f6 53. Kb5
g5 54. hxg5 fxg5 55. Kb6 Kd7 56. c6+ Kc8 57. Rb5 h4 58. Rxg5 Rb1+ 59. Kc5 hxg3
60. Rxg3 Rc1+ 61. Kd6 Rd1+ 1/2-1/2

[Event "New Zealand Open Ch'p 2015"]
[Site "Devonport, Auckland"]
[Date "2015.01.08"]
[Round "8.26"]
[White "Aldridge, Alan L"]
[Black "Forster, William F"]
[Result "0-1"]
[WhiteElo "1890"]
[BlackElo "1999"]
[PlyCount "64"]
[EventDate "2015.01.01"]
[EventType "swiss"]
[EventRounds "9"]
[SourceDate "2015.01.01"]

1. e4 c5 2. Nc3 a6 3. g3 b5 4. Bg2 Bb7 5. Nge2 g6 6. O-O Bg7 7. d3 d6 8. Bf4
Nc6 9. Rb1 b4 10. Na4 e5 11. Be3 Nge7 12. b3 O-O 13. Qd2 a5 14. Nb2 Nc8 15. Nc4
Nb6 16. Nxb6 Qxb6 17. Bh6 a4 18. Bxg7 Kxg7 19. g4 axb3 20. axb3 Ra2 21. Ra1
Rfa8 22. Rxa2 Rxa2 23. f4 c4+ 24. Kh1 cxb3 25. f5 Rxc2 26. f6+ Kf8 27. Qh6+ Ke8
28. Qxh7 Nd8 29. Qg8+ Kd7 30. d4 Rxe2 31. dxe5 Rxe4 32. Rd1 Rxe5 0-1

[Event "New Zealand Open Ch'p 2015"]
[Site "Devonport, Auckland"]
[Date "2015.01.08"]
[Round "8.27"]
[White "James, Jack"]
[Black "Li, William Xiang Wei"]
[Result "0-1"]
[WhiteElo "1867"]
[BlackElo "1935"]
[PlyCount "96"]
[EventDate "2015.01.01"]
[EventType "swiss"]
[EventRounds "9"]
[SourceDate "2015.01.01"]

1. e4 c5 2. Nc3 a6 3. f4 b5 4. g3 Bb7 5. Bg2 e6 6. d3 d5 7. Qe2 Nf6 8. Nd1 Nc6
9. Nf3 dxe4 10. dxe4 Nd4 11. Nxd4 cxd4 12. O-O Bc5 13. Nf2 O-O 14. Nd3 Bb6 15.
b3 Rc8 16. Bb2 Rc7 17. Kh1 Qa8 18. Rfe1 Rfc8 19. Rac1 a5 20. Nf2 b4 21. Red1
Qa7 22. Nd3 h6 23. Rd2 Ba6 24. Rcd1 Bb5 25. Qf3 Rxc2 26. Kg1 Qa6 27. Bf1 Rxd2
28. Rxd2 Qb7 29. Nf2 Bc6 30. Bd3 Rd8 31. h4 Nd7 32. g4 Nc5 33. g5 hxg5 34. hxg5
Nxd3 35. Qxd3 Bc7 36. g6 Bxf4 37. gxf7+ Qxf7 38. Rc2 Bb7 39. Ng4 Qg6 40. Rg2
Bxe4 41. Qxe4 Be3+ 42. Kh1 Qxe4 43. Nf6+ Kf7 44. Nxe4 Rh8+ 45. Rh2 Rxh2+ 46.
Kxh2 d3 47. Nd6+ Kg6 48. Nc4 Bf4+ 0-1

[Event "New Zealand Open Ch'p 2015"]
[Site "Devonport, Auckland"]
[Date "2015.01.08"]
[Round "8.28"]
[White "Maris, Robert"]
[Black "Smith, Vivian J"]
[Result "1/2-1/2"]
[WhiteElo "1895"]
[BlackElo "1762"]
[PlyCount "43"]
[EventDate "2015.01.01"]
[EventType "swiss"]
[EventRounds "9"]
[SourceDate "2015.01.01"]

1. d4 Nf6 2. Nf3 c5 3. e3 g6 4. Bd3 Bg7 5. O-O O-O 6. c4 d6 7. b3 Nbd7 8. Bb2
Re8 9. d5 e5 10. dxe6 fxe6 11. e4 e5 12. Nc3 Nf8 13. Ne1 Ne6 14. Nc2 Rf8 15.
Bc1 Nh5 16. Be2 Nhf4 17. Nd5 Nxe2+ 18. Qxe2 Nd4 19. Qd3 Be6 20. Nce3 Rb8 21. f3
Rf7 22. a4 1/2-1/2

[Event "New Zealand Open Ch'p 2015"]
[Site "Devonport, Auckland"]
[Date "2015.01.08"]
[Round "8.30"]
[White "Tsagarakis, Angelo"]
[Black "Rossiter, Philip E"]
[Result "1/2-1/2"]
[WhiteElo "1855"]
[BlackElo "1775"]
[PlyCount "158"]
[EventDate "2015.01.01"]
[EventType "swiss"]
[EventRounds "9"]
[SourceDate "2015.01.01"]

1. d4 Nf6 2. Nf3 b6 3. Bf4 Bb7 4. c4 e6 5. Nc3 d5 6. e3 Be7 7. Be2 Nh5 8. Bg3
Nxg3 9. hxg3 Nd7 10. cxd5 exd5 11. Rc1 Nf6 12. Ne5 O-O 13. Qc2 c5 14. Qf5 Bc8
15. Qf3 cxd4 16. Nc6 Qd7 17. Nxd5 Nxd5 18. Qxd5 Bf6 19. Qh5 h6 20. exd4 Qf5 21.
Qxf5 Bxf5 22. O-O Be4 23. Rfd1 Bxc6 24. Rxc6 Rad8 25. Rc4 Rfe8 26. Bf3 Rc8 27.
Ra4 Rc7 28. b3 Rd8 29. d5 Be7 30. Rc4 Bd6 31. Kf1 Kf8 32. Ke2 a5 33. Rc6 Rxc6
34. dxc6 Bc7 35. Rc1 Rd6 36. a3 Re6+ 37. Kd3 Rd6+ 38. Kc3 Ke7 39. Rc2 Re6 40.
Kc4 Re5 41. b4 axb4 42. axb4 f6 43. Ra2 b5+ 44. Kc3 Re1 45. Kd2 Rb1 46. Kc3
Rc1+ 47. Kd3 Rb1 48. Re2+ Kd8 49. Rd2 Kc8 50. Kd4 Rxb4+ 51. Kc5 Rb1 52. Be4 Re1
53. f3 Rc1+ 54. Kxb5 Kb8 55. Rd7 Ra1 56. Rxg7 Ra5+ 57. Kc4 Rg5 58. Rxg5 hxg5
59. g4 Be5 60. Kd5 Kc7 61. Ke6 Kd8 62. Bd5 Kc7 63. Ke7 Kc8 64. Be6+ Kc7 65. Bd7
Kb8 66. Ke6 Kc7 67. Kf5 Kd8 68. Be6 Kc7 69. Bd5 Kd6 70. Be4 Kc7 71. g3 Bxg3 72.
Kxf6 Bf4 73. Kf5 Kd6 74. Kf6 Kc7 75. Ke7 Be3 76. Ke6 Bf4 77. Kd5 Be3 78. Ke5
Bf4+ 79. Kd4 Bc1 1/2-1/2

[Event "New Zealand Open Ch'p 2015"]
[Site "Devonport, Auckland"]
[Date "2015.01.08"]
[Round "8.31"]
[White "Seabrook, Roy"]
[Black "Burke, Matthew WP"]
[Result "0-1"]
[WhiteElo "1839"]
[BlackElo "1833"]
[PlyCount "146"]
[EventDate "2015.01.01"]
[EventType "swiss"]
[EventRounds "9"]
[SourceDate "2015.01.01"]

1. e4 e5 2. Nf3 Nc6 3. Bb5 a6 4. Ba4 Nf6 5. O-O b5 6. Bb3 Bc5 7. c3 d6 8. d4
Bb6 9. Bg5 h6 10. dxe5 hxg5 11. exf6 Qxf6 12. Qd5 Bb7 13. Qxg5 Qxg5 14. Nxg5
Ne5 15. Nd2 Rh5 16. Ngf3 Kf8 17. Bc2 Re8 18. Nd4 d5 19. f3 c5 20. Nf5 d4 21.
Nd6 Re7 22. Nxb7 Rxb7 23. Bd1 Rh6 24. cxd4 cxd4 25. Bb3 Nd3 26. Rab1 Nf4 27. g3
Ne2+ 28. Kg2 Ba5 29. Rfd1 Rc7 30. e5 Rhc6 31. Ne4 Rc1 32. Kf2 Rxb1 33. Rxb1 Rc1
34. Rxc1 Nxc1 35. Nc5 d3 36. Ne4 d2 37. Bc2 Nd3+ 38. Ke2 Nxe5 39. f4 Nc4 40. b3
Nb6 41. Nxd2 Nd5 42. Kd3 Nb4+ 43. Ke2 Nxc2 44. Ne4 Nd4+ 45. Kd3 Ne6 46. f5 Nc7
47. Nc5 Ke7 48. Ke4 Bc3 49. g4 Bf6 50. Nb7 Kd7 51. Nc5+ Kd6 52. b4 Kc6 53. h3
a5 54. Nd3 a4 55. g5 Bc3 56. h4 Ne8 57. h5 Kd6 58. a3 Nf6+ 59. gxf6 Bxf6 60.
Nf4 Bb2 61. Nd5 Bxa3 62. f6 Bb2 63. fxg7 Bxg7 64. Ne3 a3 65. Nf5+ Kd7 66. Nxg7
a2 67. Nf5 a1=Q 68. Kf4 Ke6 69. Ng3 Qe5+ 70. Kg4 f5+ 71. Kh4 Qf4+ 72. Kh3 Qg4+
73. Kh2 f4 0-1

[Event "New Zealand Open Ch'p 2015"]
[Site "Devonport, Auckland"]
[Date "2015.01.08"]
[Round "8.32"]
[White "Rains, Timothy"]
[Black "Mukkattu, Philip"]
[Result "1-0"]
[WhiteElo "1814"]
[BlackElo "1743"]
[PlyCount "101"]
[EventDate "2015.01.01"]
[EventType "swiss"]
[EventRounds "9"]
[SourceDate "2015.01.01"]

1. d4 d5 2. c4 c6 3. Nc3 Nf6 4. Bf4 e6 5. e3 Bd6 6. Bg3 Bxg3 7. hxg3 Nbd7 8.
Nf3 Qc7 9. Qc2 Nb6 10. c5 Nbd7 11. Bd3 g6 12. a3 e5 13. Be2 exd4 14. exd4 Nf8
15. Bd3 Bg4 16. Ne5 O-O-O 17. b4 Re8 18. Kf1 Ne6 19. Nxg4 Nxg4 20. Ne2 Qe7 21.
Qb2 Qf6 22. f3 Ng5 23. Nf4 Ne3+ 24. Kf2 Nf5 25. Bxf5+ Qxf5 26. a4 h5 27. b5 Ne6
28. bxc6 Re7 29. Rab1 Nd8 30. Rhe1 Rxe1 31. cxb7+ Kb8 32. Rxe1 h4 33. Ne2 Qd3
34. Nc1 hxg3+ 35. Kxg3 Qf5 36. Kf2 Qh5 37. Re5 Qh4+ 38. Ke3 Qe1+ 39. Kd3 Qf1+
40. Re2 Ne6 41. Qd2 Rh4 42. g4 Rh3 43. c6 Rxf3+ 44. Kc2 Qh3 45. Qb4 Qh8 46.
Qd6+ Nc7 47. Nb3 Rf6 48. Qd7 Re6 49. Rf2 f5 50. Nc5 Qe8 51. Qxe8+ 1-0

[Event "New Zealand Open Ch'p 2015"]
[Site "Devonport, Auckland"]
[Date "2015.01.08"]
[Round "8.33"]
[White "Lamerton, Troy"]
[Black "Huang, Alex"]
[Result "0-1"]
[WhiteElo "1731"]
[BlackElo "2035"]
[PlyCount "86"]
[EventDate "2015.01.01"]
[EventType "swiss"]
[EventRounds "9"]
[SourceDate "2015.01.01"]

1. e4 c5 2. Nf3 d6 3. d4 cxd4 4. Nxd4 Nf6 5. Nc3 g6 6. Bc4 Bg7 7. Be3 O-O 8.
O-O Nc6 9. Nxc6 bxc6 10. Qd2 Ng4 11. f4 Nxe3 12. Qxe3 Rb8 13. Rab1 Rb4 14. Qd3
Qa5 15. Kh1 Qc5 16. Bb3 Be6 17. a3 Rd4 18. Qf3 Bxb3 19. cxb3 Rb8 20. b4 Qc4 21.
Rbd1 a5 22. e5 dxe5 23. Ne2 Rxd1 24. Rxd1 e4 25. Qe3 axb4 26. b3 Qe6 27. a4 Bf6
28. Nd4 Qd5 29. Rd2 Qc5 30. Nc2 Qc3 31. h3 c5 32. Re2 c4 33. Qa7 Rd8 34. Qb6
Rd1+ 35. Kh2 cxb3 36. Qxb4 bxc2 37. Qxc3 Bxc3 38. Rxc2 Rd3 39. Ra2 Ba5 40. Re2
Rd4 41. g4 Rxa4 42. Kg3 Bc7 43. Re3 g5 0-1

[Event "New Zealand Open Ch'p 2015"]
[Site "Devonport, Auckland"]
[Date "2015.01.08"]
[Round "8.34"]
[White "Williams, Doug"]
[Black "Bennett, Hilton P"]
[Result "0-1"]
[WhiteElo "1754"]
[BlackElo "2009"]
[PlyCount "102"]
[EventDate "2015.01.01"]
[EventType "swiss"]
[EventRounds "9"]
[SourceDate "2015.01.01"]

1. d4 Nf6 2. Nc3 g6 3. e4 d6 4. Bg5 Bg7 5. Qd2 h6 6. Bh4 Nbd7 7. f4 c5 8. e5
cxd4 9. Qxd4 Ng4 10. Nd5 dxe5 11. Qc3 Ndf6 12. Nc7+ Kf8 13. Nxa8 exf4 14. Rd1
Bd7 15. Bxf6 Nxf6 16. Nc7 Ne8 17. Qd3 Qxc7 18. Qxd7 Qxc2 19. Qd2 Qe4+ 20. Be2
g5 21. Kf2 Nd6 22. Bf3 Qf5 23. Bxb7 Qc5+ 24. Ke1 Bf6 25. Bf3 Nc4 26. Qd5 Qb4+
27. Kf2 Qb6+ 28. Ke1 Qb4+ 29. Kf2 Ne3 30. Qb3 Nxd1+ 31. Bxd1 Qd4+ 32. Kf1 Kg7
33. Bh5 e6 34. Ne2 Qc5 35. Nc3 Rd8 36. Qb7 Qc4+ 37. Be2 Qd4 38. Qf3 Qd2 39. h4
Qxb2 40. Nd1 Qxa2 41. hxg5 hxg5 42. Qe4 Qa1 43. Qf3 a5 44. Qh5 Kf8 45. Rh3 a4
46. Qf3 Bb2 47. Kg1 Bd4+ 48. Kh2 Bc5 49. Rh7 Qd4 50. Qh5 Qg1+ 51. Kh3 Qh1+ 0-1

[Event "New Zealand Open Ch'p 2015"]
[Site "Devonport, Auckland"]
[Date "2015.01.08"]
[Round "8.35"]
[White "Schmitz, Manuela"]
[Black "Zhang, Jasmine"]
[Result "1/2-1/2"]
[WhiteElo "1966"]
[BlackElo "1594"]
[PlyCount "63"]
[EventDate "2015.01.01"]
[EventType "swiss"]
[EventRounds "9"]
[SourceDate "2015.01.01"]

1. d4 d5 2. Nf3 c6 3. c4 e6 4. cxd5 exd5 5. Nc3 Nf6 6. Bg5 Bf5 7. e3 Nbd7 8.
Bd3 Bxd3 9. Qxd3 Be7 10. O-O O-O 11. Rab1 h6 12. Bh4 Ne4 13. Bxe7 Qxe7 14. b4
Rfc8 15. Rfc1 a6 16. a4 Qe8 17. Qc2 Nxc3 18. Qxc3 Nb6 19. a5 Nc4 20. Re1 Qe4
21. Nd2 Nxd2 22. Qxd2 Re8 23. f3 Qg6 24. Rb2 Re7 25. Qc3 Rae8 26. Rbe2 Qd6 27.
Qc5 Qxc5 28. bxc5 Rd8 29. Kf2 Kf8 30. Rb1 Ke8 31. Rb4 Rdd7 32. Reb2 1/2-1/2

[Event "New Zealand Open Ch'p 2015"]
[Site "Devonport, Auckland"]
[Date "2015.01.08"]
[Round "8.36"]
[White "Maris, Fred A"]
[Black "Hair, Philip I"]
[Result "1-0"]
[WhiteElo "1519"]
[BlackElo "1941"]
[PlyCount "133"]
[EventDate "2015.01.01"]
[EventType "swiss"]
[EventRounds "9"]
[SourceDate "2015.01.01"]

1. e4 e6 2. d4 d5 3. e5 Ne7 4. Nf3 b6 5. Be2 Qd7 6. c3 c5 7. b3 Ba6 8. O-O Bxe2
9. Qxe2 h6 10. Nbd2 Qc7 11. Bb2 Nd7 12. Rac1 Qb7 13. h3 a5 14. Nb1 b5 15. Na3
c4 16. bxc4 bxc4 17. Rb1 Nc8 18. Nc2 Qc6 19. Bc1 Be7 20. Bd2 O-O 21. Rb2 Na7
22. Rfb1 Rab8 23. Nh2 Rxb2 24. Rxb2 Rb8 25. Rxb8+ Nxb8 26. Ng4 Kf8 27. Bc1 Nd7
28. Na3 Nb5 29. Nxb5 Qxb5 30. Qb2 Qxb2 31. Bxb2 Nb6 32. Ne3 Na4 33. Nd1 g5 34.
g3 f6 35. f4 gxf4 36. gxf4 fxe5 37. fxe5 Bg5 38. Kf2 Bd2 39. Ba1 Kf7 40. Ke2
Bg5 41. Kf3 Kg6 42. Ne3 h5 43. Ke2 Be7 44. Kf3 Ba3 45. Ng2 Bc1 46. Nf4+ Kf7 47.
Kg3 Bd2 48. Ne2 Be1+ 49. Kf3 Kg6 50. Nf4+ Kf5 51. Nxh5 Nxc3 52. Ng7+ Kg6 53.
Nxe6 Nxa2 54. Nf4+ Kf5 55. Nxd5 Nb4 56. Ne3+ Ke6 57. Nxc4 Nc2 58. Bb2 Bb4 59.
Ke4 a4 60. d5+ Ke7 61. Kf5 a3 62. Bxa3 Nxa3 63. Nxa3 Bxa3 64. d6+ Kf7 65. e6+
Ke8 66. d7+ Ke7 67. h4 1-0

[Event "New Zealand Open Ch'p 2015"]
[Site "Devonport, Auckland"]
[Date "2015.01.08"]
[Round "8.37"]
[White "Shaw, Robin A"]
[Black "Jackson, L Ross"]
[Result "1-0"]
[WhiteElo "1813"]
[BlackElo "1927"]
[PlyCount "35"]
[EventDate "2015.01.01"]
[EventType "swiss"]
[EventRounds "9"]
[SourceDate "2015.01.01"]

1. e4 c5 2. d4 cxd4 3. c3 dxc3 4. Nxc3 d6 5. Bc4 e6 6. Qe2 Nc6 7. Nf3 a6 8. O-O
Nf6 9. Rd1 Qe7 10. e5 Nxe5 11. Nxe5 dxe5 12. Qxe5 Nd7 13. Qe2 b5 14. Bd3 Bb7
15. Nxb5 axb5 16. Bxb5 Bd5 17. Be3 f5 18. Bg5 1-0

[Event "New Zealand Open Ch'p 2015"]
[Site "Devonport, Auckland"]
[Date "2015.01.08"]
[Round "8.38"]
[White "Holdo, Karl"]
[Black "Power, P Wayne"]
[Result "1/2-1/2"]
[WhiteElo "1606"]
[BlackElo "1926"]
[PlyCount "67"]
[EventDate "2015.01.01"]
[EventType "swiss"]
[EventRounds "9"]
[SourceDate "2015.01.01"]

1. d4 Nf6 2. Nf3 e6 3. Bf4 b6 4. e3 Bb7 5. Nbd2 Nh5 6. Bg3 Be7 7. Ne5 Nxg3 8.
hxg3 d6 9. Nef3 Nd7 10. c3 f5 11. Nh4 Bxh4 12. Rxh4 Nf6 13. Bb5+ c6 14. Bd3 Qe7
15. Qc2 O-O-O 16. O-O-O g5 17. Rhh1 c5 18. f3 Kb8 19. dxc5 dxc5 20. c4 Qc7 21.
Nf1 g4 22. Be2 Rxd1+ 23. Bxd1 Rd8 24. Rh6 Qg7 25. Rh1 h5 26. Qc3 Qf7 27. Qe5+
Ka8 28. Be2 a6 29. Nd2 Ka7 30. Nb1 gxf3 31. gxf3 Ng4 32. Qc3 Nf6 33. Rd1 Rxd1+
34. Bxd1 1/2-1/2

[Event "New Zealand Open Ch'p 2015"]
[Site "Devonport, Auckland"]
[Date "2015.01.08"]
[Round "8.39"]
[White "D'arcy, Michael"]
[Black "Li, Rodney Xiang Rei"]
[Result "1-0"]
[WhiteElo "1916"]
[BlackElo "1452"]
[PlyCount "43"]
[EventDate "2015.01.01"]
[EventType "swiss"]
[EventRounds "9"]
[SourceDate "2015.01.01"]

1. e4 e5 2. Nc3 Nc6 3. f4 Nf6 4. fxe5 Nxe5 5. d4 Ng6 6. e5 Ng8 7. Nf3 d5 8. Bd3
Bb4 9. O-O Bxc3 10. bxc3 N8e7 11. Ng5 Be6 12. Qh5 Qd7 13. h3 h6 14. Nxe6 Qxe6
15. Rb1 b6 16. a4 Qd7 17. Ba3 O-O 18. Bc1 Kh7 19. Bg5 Ng8 20. Rf2 Qxa4 21. Rxf7
Qc6 22. Bf6 1-0

[Event "New Zealand Open Ch'p 2015"]
[Site "Devonport, Auckland"]
[Date "2015.01.08"]
[Round "8.40"]
[White "Watharow, Sean"]
[Black "Nicholls, Leighton"]
[Result "1/2-1/2"]
[WhiteElo "1876"]
[BlackElo "1757"]
[PlyCount "80"]
[EventDate "2015.01.01"]
[EventType "swiss"]
[EventRounds "9"]
[SourceDate "2015.01.01"]

1. e4 e5 2. c4 Bc5 3. Nf3 Nc6 4. d3 d6 5. Be3 Bg4 6. Bxc5 dxc5 7. Nbd2 Nge7 8.
Be2 Qd6 9. O-O O-O-O 10. Qa4 Ng6 11. g3 Bh3 12. Rfd1 Nf4 13. Bf1 Bxf1 14. Nxf1
Nxd3 15. Qb3 Na5 16. Qc3 Nxc4 17. Qxc4 Nxb2 18. Rxd6 Nxc4 19. Rxd8+ Rxd8 20. a4
f6 21. h4 c6 22. g4 a5 23. Rc1 b5 24. axb5 cxb5 25. Ne3 Nxe3 26. Rxc5+ Kb7 27.
fxe3 Kb6 28. Rd5 Rc8 29. Nd2 a4 30. Kf2 b4 31. Ke2 Rc2 32. Kd3 Rc3+ 33. Ke2 Rc2
34. Kd3 Rc3+ 35. Ke2 a3 36. Rd6+ Kb5 37. Rd5+ Ka4 38. Rd7 b3 39. Ra7+ Kb4 40.
Rb7+ Ka4 1/2-1/2

[Event "New Zealand Open Ch'p 2015"]
[Site "Devonport, Auckland"]
[Date "2015.01.08"]
[Round "8.41"]
[White "Taylor, Richard"]
[Black "Yan, Caroline"]
[Result "1/2-1/2"]
[WhiteElo "1871"]
[BlackElo "1557"]
[PlyCount "48"]
[EventDate "2015.01.01"]
[EventType "swiss"]
[EventRounds "9"]
[SourceDate "2015.01.01"]

1. e4 e6 2. d4 d5 3. Nd2 Nf6 4. e5 Nfd7 5. c3 c5 6. Bd3 Nc6 7. Ne2 Qb6 8. Nf3
cxd4 9. cxd4 Be7 10. O-O O-O 11. Qc2 g6 12. a3 a6 13. Bh6 Re8 14. Rfe1 Nf8 15.
Ng5 Nxd4 16. Nxd4 Qxd4 17. Rad1 Qh4 18. Bxf8 Qxg5 19. Bxe7 Qxe7 20. Rc1 Bd7 21.
Qd2 Bc6 22. Qe2 Qg5 23. g3 Rac8 24. f4 Qd8 1/2-1/2

[Event "New Zealand Open Ch'p 2015"]
[Site "Devonport, Auckland"]
[Date "2015.01.08"]
[Round "8.42"]
[White "Brockman, Roland"]
[Black "Hielscher, Ursula"]
[Result "0-1"]
[WhiteElo "1652"]
[BlackElo "1845"]
[PlyCount "130"]
[EventDate "2015.01.01"]
[EventType "swiss"]
[EventRounds "9"]
[SourceDate "2015.01.01"]

1. d4 Nf6 2. Nf3 g6 3. e3 Bg7 4. Be2 O-O 5. b3 d5 6. Bb2 Bf5 7. O-O Nbd7 8.
Nbd2 Rc8 9. c4 dxc4 10. bxc4 c6 11. Nh4 Be6 12. e4 Nb6 13. Rc1 Ne8 14. Nb3 Na4
15. Ba1 Bd7 16. d5 cxd5 17. Bxg7 Nxg7 18. cxd5 Nc3 19. Qe1 Nxe4 20. Qb4 Nd6 21.
Nf3 Qe8 22. Rxc8 Bxc8 23. Qd4 a6 24. Rc1 Ngf5 25. Qb6 Qa4 26. Qa5 Qe4 27. Bf1
Qf4 28. Qd2 Qxd2 29. Nfxd2 Rd8 30. g4 Ng7 31. h3 h5 32. f3 Nde8 33. Re1 Kf8 34.
Rc1 hxg4 35. fxg4 f5 36. g5 Nh5 37. Nf3 Nf4 38. Ne5 Kg7 39. Kh2 Nxd5 40. Bg2
Nf4 41. Bf1 Be6 42. Bc4 Bxc4 43. Rxc4 Ne6 44. h4 Rd5 45. Nf3 Nd6 46. Rc3 f4 47.
Kg2 Nf5 48. Rc1 Ne3+ 49. Kf2 a5 50. Nbd2 Nc5 51. Rb1 e5 52. Nb3 Ne4+ 53. Ke1
Nc2+ 54. Kf1 Ng3+ 55. Kf2 e4 56. Ne1 Nxe1 57. Kxe1 a4 58. Nd2 b5 59. Rb4 e3 60.
Ne4 Nf5 61. Nc3 Rc5 62. Nxb5 Rc1+ 63. Ke2 Ng3+ 64. Kf3 e2 65. Re4 Rf1+ 0-1

[Event "New Zealand Open Ch'p 2015"]
[Site "Devonport, Auckland"]
[Date "2015.01.08"]
[Round "8.43"]
[White "Turner, Justin"]
[Black "Wei, Louie"]
[Result "1-0"]
[WhiteElo "1434"]
[BlackElo "1423"]
[PlyCount "99"]
[EventDate "2015.01.01"]
[EventType "swiss"]
[EventRounds "9"]
[SourceDate "2015.01.01"]

1. e4 Nf6 2. e5 Nd5 3. d4 d6 4. Nf3 Bg4 5. Be2 Nc6 6. exd6 exd6 7. O-O Qf6 8.
Bg5 Qf5 9. Re1 Be7 10. Bxe7 Ndxe7 11. h3 Bxf3 12. Bxf3 O-O 13. Nc3 Rad8 14. Ne4
Qg6 15. Ng3 Rfe8 16. Be4 Qf6 17. c3 d5 18. Bc2 g6 19. Qg4 Kh8 20. f4 h5 21. Qf3
Qh4 22. Re2 f5 23. Rae1 Qf6 24. Re6 Qf7 25. Ba4 a6 26. Qe2 b5 27. Bb3 Kg7 28.
Nf1 Kf8 29. Nd2 Rd6 30. Rxd6 cxd6 31. Nf3 Nc8 32. Qxe8+ Qxe8 33. Rxe8+ Kxe8 34.
Bxd5 Kd7 35. Nh4 N8e7 36. Bf7 Na5 37. Nxg6 Nc4 38. b3 Ne3 39. Nxe7 Kxe7 40.
Bxh5 Nd5 41. g3 Nxc3 42. a3 Ne4 43. Kg2 Nd2 44. Bd1 Ke6 45. Bc2 d5 46. g4 Ne4
47. gxf5+ Kxf5 48. Kf3 a5 49. b4 a4 50. h4 1-0

[Event "New Zealand Open Ch'p 2015"]
[Site "Devonport, Auckland"]
[Date "2015.01.08"]
[Round "8.44"]
[White "Maris, Natalie A"]
[Black "Wang, Aaron Ziwen"]
[Result "0-1"]
[WhiteElo "1824"]
[BlackElo "1409"]
[PlyCount "86"]
[EventDate "2015.01.01"]
[EventType "swiss"]
[EventRounds "9"]
[SourceDate "2015.01.01"]

1. e4 c5 2. d4 cxd4 3. c3 dxc3 4. Nxc3 Nc6 5. Nf3 e5 6. Bc4 Nf6 7. Ng5 d5 8.
exd5 Nd4 9. O-O Bd6 10. Re1 O-O 11. Nce4 Nxe4 12. Nxe4 b6 13. Nxd6 Qxd6 14. Be3
Nf5 15. Bd2 Bb7 16. a3 a5 17. Bc3 f6 18. Qd3 Ne7 19. Rad1 Rad8 20. b4 Bxd5 21.
bxa5 Qc7 22. Bxd5+ Rxd5 23. Qh3 Rxd1 24. Rxd1 bxa5 25. Qe6+ Kh8 26. Bxa5 Qxa5
27. Qxe7 Rc8 28. h3 h6 29. Rd7 Rg8 30. Kh2 Qe1 31. Qc5 Qb1 32. Ra7 Qb8 33. Qc7
Qxc7 34. Rxc7 Ra8 35. Rc3 Kg8 36. g4 Kf7 37. f3 Ke6 38. Rd3 f5 39. Kg3 f4+ 40.
Kh4 Ra4 41. g5 Kf5 42. gxh6 Ra6 43. hxg7 Rh6# 0-1

[Event "New Zealand Open Ch'p 2015"]
[Site "Devonport, Auckland"]
[Date "2015.01.08"]
[Round "8.45"]
[White "Laughland, Alexander"]
[Black "Fan, Allen Chi Zhou"]
[Result "1-0"]
[WhiteElo "1873"]
[BlackElo "1816"]
[PlyCount "87"]
[EventDate "2015.01.01"]
[EventType "swiss"]
[EventRounds "9"]
[SourceDate "2015.01.01"]

1. e4 Nf6 2. e5 Nd5 3. Nc3 Nxc3 4. dxc3 d6 5. Bc4 Nc6 6. Nf3 Bg4 7. Bb5 dxe5 8.
Bxc6+ bxc6 9. Qe2 Bxf3 10. Qxf3 Qd5 11. Qg3 Qe4+ 12. Be3 f5 13. Qf3 Qxf3 14.
gxf3 e6 15. O-O-O f4 16. Bd2 Bd6 17. c4 Rf8 18. Rhe1 Rf5 19. Re4 Ke7 20. Rde1
Kf6 21. Bc3 c5 22. Rg1 h5 23. h4 Rh8 24. b3 Rh6 25. a3 Rg6 26. Rxg6+ Kxg6 27.
b4 Kf6 28. Re1 g5 29. Rh1 g4 30. Kd2 gxf3 31. Kd3 Kf7 32. Ke4 cxb4 33. axb4 Rf6
34. c5 Be7 35. Bxe5 Rg6 36. Bxc7 Rg4 37. Kxf3 Bxh4 38. b5 Ke8 39. Rd1 Rg7 40.
b6 axb6 41. cxb6 Rg8 42. b7 Kf7 43. b8=Q Rxb8 44. Bxb8 1-0

[Event "New Zealand Open Ch'p 2015"]
[Site "Devonport, Auckland"]
[Date "2015.01.08"]
[Round "8.46"]
[White "Fairley, Natasha"]
[Black "Lyall, Simon"]
[Result "1/2-1/2"]
[WhiteElo "1796"]
[BlackElo "1786"]
[PlyCount "50"]
[EventDate "2015.01.01"]
[EventType "swiss"]
[EventRounds "9"]
[SourceDate "2015.01.01"]

1. e4 e5 2. Nf3 Nf6 3. Nc3 Bb4 4. d3 d6 5. Bg5 h6 6. Bh4 g5 7. Bg3 Nc6 8. a3
Ba5 9. b4 Bb6 10. Ne2 Bg4 11. c3 a6 12. h4 Bxf3 13. gxf3 Rh7 14. hxg5 hxg5 15.
Rxh7 Nxh7 16. Bh3 Qf6 17. Ng1 Nf8 18. Qa4 Ke7 19. Ke2 Ne6 20. Rf1 Rd8 21. Qd1
Ba7 22. Qd2 Ra8 23. Bg4 Nf4+ 24. Bxf4 gxf4 25. a4 Rd8 1/2-1/2

[Event "New Zealand Open Ch'p 2015"]
[Site "Devonport, Auckland"]
[Date "2015.01.08"]
[Round "8.47"]
[White "Brockway, Andrew"]
[Black "Picken, Oliver"]
[Result "1-0"]
[WhiteElo "1727"]
[BlackElo "1505"]
[PlyCount "77"]
[EventDate "2015.01.01"]
[EventType "swiss"]
[EventRounds "9"]
[SourceDate "2015.01.01"]

1. e4 e5 2. Nf3 Nc6 3. Bb5 a6 4. Bxc6 bxc6 5. O-O Bc5 6. Nxe5 Nf6 7. d4 Bb6 8.
Nc3 O-O 9. Bg5 h6 10. Bh4 g5 11. Bg3 Bb7 12. Ng4 Nxg4 13. Qxg4 Bxd4 14. Rad1 c5
15. h4 d6 16. Bf4 Bc8 17. Qg3 Kh7 18. hxg5 Rg8 19. Qh4 Rh8 20. e5 Kg8 21. Qg3
h5 22. g6 h4 23. gxf7+ Kxf7 24. Qf3 Bf5 25. exd6 cxd6 26. Qd5+ Be6 27. Qf3 Ke8
28. Rfe1 Kd7 29. Qb7+ Qc7 30. Qxc7+ Kxc7 31. Rxe6 h3 32. Bg3 Rag8 33. Rxd4 Rxg3
34. fxg3 cxd4 35. Ne2 h2+ 36. Kh1 Kc6 37. Nf4 Kd7 38. Re2 Rb8 39. b3 1-0